Statistiques concernant Les pokémons disponibles sur Pokémon Unite

Cliquez ici pour prendre le quiz!

Statistiques générales

  • Ce quiz a été pris 24 fois
  • Le résultat moyen est 21 sur 35

Statistiques - réponses

HintRéponse% Correct
Ronflex
95%
Dracaufeu
89%
Florizarre
89%
Tortank
89%
Ectoplasma
79%
Lucario
79%
Pikachu
79%
Zeraora
79%
Flambusard
74%
Gardevoir
74%
Attaquant / AttackerAmphinobi
68%
Soutien / SupporterBlancoton
68%
Carchacrok
68%
Leuphorie
68%
Rapide / SpeedsterAbsol
63%
Dracolosse
63%
Mackogneur
63%
Défenseur / DefenderCrabaraque
58%
Grodoudou
58%
M. Mime
58%
Pyrobut
58%
Flagadoss
53%
Hoopa
53%
Nigosier
53%
Nymphali
53%
Feunard d'Alola
47%
Mentali
47%
Sucreine
47%
Archéduc
42%
Desséliande
42%
Exagide
42%
Mammochon
42%
Duralugon
37%
Rongrigou
37%
Polyvalent / All-RounderAzumarill
26%

Distribution des résultats

Percentile par nombre de réponses

% des personnes avec chaque résultat

Votre développement - résultats

Vous n’avez pas pris ce quiz